Ranking UEFA - pierwsze 15 reprezentacji - Statystyki

Ogólne statystyki
  • Ten quiz został rozwiązany 602 razy
  • Średni wynik to 13 z 15
Statystyki odpowiedzi
Lp. Reprezentacja % Poprawnych
5. Francja
96%
4. Hiszpania
95%
1. Niemcy
95%
9. Polska
95%
3. Belgia
93%
6. Anglia
92%
2. Portugalia
92%
8. Włochy
92%
12. Holandia
87%
15. Rosja
82%
7. Szwajcaria
81%
11. Chorwacja
78%
13. Austria
75%
14. Walia
57%
10. Islandia
44%
Nie znaleziono quizów pasujących do podanych kryteriów
Rozkład punktacji
Procent ludzi z każdym wynikiem
Percentyl według liczby udzielonych odpowiedzi
Twoja historia wyników
Nie rozwiązałeś tego quizu